| 000 | 01849cam a22004697a 4500 | ||
|---|---|---|---|
| 003 | CHAP | ||
| 005 | 20220329142807.0 | ||
| 008 | 031022s2003 mx ad r 00010 spa d | ||
| 010 | _a87835 | ||
| 011 | _a88807 | ||
| 035 | _a99352 | ||
| 040 | _cCHAP | ||
| 090 | _aTesis | ||
| 100 | 0 | 0 |
_aCocón Canul, Guillermo de Jesús. _924293 |
| 245 | 1 | 0 |
_aExtractos de ajo para reducir poblaciones de mosquita blanca (Bemisia tabaci Genn) en calabacita (Cucurbita pepo L.) _c/por Gulliermo de Jesús Cocón Canul |
| 260 |
_aChapingo, Méx. : _bEl autor, _c2003 |
||
| 300 |
_a40 h. : _bilus. ; gráfs. ; cuadros |
||
| 502 | _aTesis (Ing. Agr. Esp. en Parasitología Agrícola) -- UACH. Departamento de Parasitología Agrícola | ||
| 530 | _aTambién disponible en línea | ||
| 590 |
_aALEPH _b10 _c20130110 _lUCH01 _h1456 |
||
| 590 |
_aBATCH-UPD _b10 _c20130110 _lUCH01 _h0127 |
||
| 590 |
_aBATCH-UPD _b10 _c20130110 _lUCH01 _h1610 |
||
| 590 |
_aBATCH-UPD _b10 _c20130409 _lUCH01 _h2122 |
||
| 590 |
_aBATCH-UPD _b10 _c20130914 _lUCH01 _h0601 |
||
| 590 |
_aBATCH-UPD _b10 _c20140324 _lUCH01 _h1441 |
||
| 590 |
_aBATCH-UPD _b10 _c20141002 _lUCH01 _h0820 |
||
| 590 |
_aBATCH _b00 _c20181121 _lUCH01 _h0759 |
||
| 590 |
_aCONVERSION _b10 _c20130109 _lUCH01 _h1349 |
||
| 650 | 1 | 4 |
_aBemisia tabaci. _911496 |
| 650 | 1 | 4 |
_aCalabaza _xPlagas. _917289 |
| 650 | 1 | 4 |
_aExtractos vegetales. _939214 |
| 650 | 1 | 4 |
_aInsecticidas _xEfecto en plantas. _958871 |
| 650 | 1 | 4 |
_aPlantas insecticidas. _989010 |
| 650 | 1 | 4 |
_aRepelentes y atrayentes de insectos. _995985 |
| 856 |
_3Finding aid _uhttp://10.13.5.2/tesis/99352.pdf _zTeclea aqui |
||
| 856 |
_a1 _n0001653 |
||
| 901 | _aBK | ||
| 905 | _aMarco A. Mendoza T. | ||
| 942 | _cFOLL | ||
| 949 |
_aTesis _bBC _cTES _d33724000893012 _eTS2 _fc.2 _gDonaciØn _h41509 _i99352 _si |
||
| 949 |
_aTesis _bBC _cTES _d993521 _eTS1 _gDonaciØn _h41508 _i99352 _sb |
||
| 999 |
_c87835 _d87835 |
||